Петрович и Патапум в стране привидений: [Для детей]; Петрович и Патапум в Волшебном Лабиринте. Большое космическое путешествие Петровича и Патапума. Петрович и Патапум на Острове Пиратов. Петрович и Патапум у Царицы Снега и Льда. Петрович и Патапум в стране Привидений

Podrobná bibliografie
Hlavní autor: Канушкин Р. А. Роман А.
Další autoři: Скляр А. (иллюстратор), Воцаев М.
Jazyk:ruština
Vydáno: Москва, АСТ-Пресс, 1993
TOC:Петрович и Патапум в Волшебном Лабиринте. Большое космическое путешествие Петровича и Патапума. Петрович и Патапум на Острове Пиратов. Петрович и Патапум у Царицы Снега и Льда. Петрович и Патапум в стране Привидений;
Témata:
Médium: MixedMaterials Kniha
KOHA link:https://koha.lib.tpu.ru/cgi-bin/koha/opac-detail.pl?biblionumber=111616

MARC

LEADER 00000nam0a2200000 4500
001 111616
005 20231031120926.0
010 |a 5881961293 
020 |a RU  |b 93-14962 
035 |a (RuTPU)RU\TPU\book\120548 
090 |a 111616 
100 |a 20070317d1993 cd y0rusy5003 ca 
101 0 |a rus 
102 |a RU 
105 |a a z 000ay 
200 1 |a Петрович и Патапум в стране привидений  |e [Для детей]  |f Роман Канушкин  |g Рисовал худож. М. Воцаев 
210 |a Москва  |c АСТ-Пресс  |c АБклуб  |d 1993 
215 |a 32 c.  |c цв. ил.  |d 30 см 
464 |t Петрович и Патапум в Волшебном Лабиринте. Большое космическое путешествие Петровича и Патапума. Петрович и Патапум на Острове Пиратов. Петрович и Патапум у Царицы Снега и Льда. Петрович и Патапум в стране Привидений 
610 1 |a сказки 
610 1 |a русские сказки 
675 |a Р2  |z rus 
700 1 |a Канушкин  |b Р. А.  |g Роман А. 
701 1 |a Скляр  |b А. 
702 1 |a Воцаев  |b М.  |4 440 
801 0 |a RU  |b RuMRKP  |c 19950413  |g psbo 
801 1 |a RU  |b 63413507  |c 20070317  |g PSBO 
801 2 |a RU  |b 63413507  |c 20070317  |g PSBO 
942 |c BK